Pokémon di tipo Veleno - Statistics

Statistiche generali
  • Questo quiz è stato fatto 12 volte
  • Il punteggio medio è 65 su 103
Statistiche sulle risposte
Numero Pokédex Nazionale Tipo Tipo Pokémon % Corretto
1 Erba Veleno Bulbasaur
100%
2 Erba Veleno Ivysaur
100%
24 Veleno Veleno Arbok
83%
493 Veleno Veleno Arceus (Veleno)
83%
168 Coleottero Veleno Ariados
83%
15 Coleottero Veleno Beedrill
83%
69 Erba Veleno Bellsprout
83%
453 Veleno Lotta Croagunk
83%
452 Veleno Buio Drapion
83%
269 Coleottero Veleno Dustox
83%
23 Veleno Veleno Ekans
83%
92 Spettro Veleno Gastly
83%
94 Spettro Veleno Gengar
83%
94 Spettro Veleno Gengar Gigamax
83%
44 Erba Veleno Gloom
83%
88 Veleno Veleno Grimer
83%
88 Veleno Buio Grimer (Forma di Alola)
83%
93 Spettro Veleno Haunter
83%
14 Coleottero Veleno Kakuna
83%
109 Veleno Veleno Koffing
83%
15 Coleottero Veleno MegaBeedrill
83%
94 Spettro Veleno MegaGengar
83%
3 Erba Veleno MegaVenusaur
83%
89 Veleno Veleno Muk
83%
89 Veleno Buio Muk (Forma di Alola)
83%
34 Veleno Terra Nidoking
83%
31 Veleno Terra Nidoqueen
83%
29 Veleno Veleno Nidoran♀
83%
32 Veleno Veleno Nidoran♂
83%
30 Veleno Veleno Nidorina
83%
33 Veleno Veleno Nidorino
83%
43 Erba Veleno Oddish
83%
211 Acqua Veleno Qwilfish
83%
211 Buio Veleno Qwilfish (Forma di Hisui)
83%
451 Veleno Coleottero Skorupi
83%
435 Veleno Buio Skuntank
83%
167 Coleottero Veleno Spinarak
83%
434 Veleno Buio Stunky
83%
72 Acqua Veleno Tentacool
83%
73 Acqua Veleno Tentacruel
83%
454 Veleno Lotta Toxicroak
83%
49 Coleottero Veleno Venomoth
83%
48 Coleottero Veleno Venonat
83%
3 Erba Veleno Venusaur
83%
3 Erba Veleno Venusaur Gigamax
83%
71 Erba Veleno Victreebel
83%
45 Erba Veleno Vileplume
83%
13 Coleottero Veleno Weedle
83%
70 Erba Veleno Weepinbell
83%
110 Veleno Veleno Weezing
83%
110 Veleno Folletto Weezing (Forma di Galar)
83%
169 Veleno Volante Crobat
67%
691 Veleno Drago Dragalge
67%
569 Veleno Veleno Garbodor
67%
569 Veleno Veleno Garbodor Gigamax
67%
42 Veleno Volante Golbat
67%
316 Veleno Veleno Gulpin
67%
545 Coleottero Veleno Scolipede
67%
336 Veleno Veleno Seviper
67%
690 Veleno Acqua Skrelp
67%
80 Veleno Psico Slowbro (Forma di Galar)
67%
317 Veleno Veleno Swalot
67%
568 Veleno Veleno Trubbish
67%
543 Coleottero Veleno Venipede
67%
544 Coleottero Veleno Whirlipede
67%
41 Veleno Volante Zubat
67%
406 Erba Veleno Budew
50%
904 Buio Veleno Overqwil
50%
315 Erba Veleno Roselia
50%
407 Erba Veleno Roserade
50%
773 Veleno Veleno Silvally (Tipo Veleno)
50%
215 Lotta Veleno Sneasel (Forma di Hisui)
50%
903 Lotta Veleno Sneasler
50%
591 Erba Veleno Amoonguss
33%
980 Veleno Terra Clodsire
33%
890 Veleno Drago Eternatus
33%
890 Veleno Drago Eternatus (Dynamax Infinito)
33%
994 Fuoco Veleno Falenaferrea
33%
1016 Veleno Folletto Fezandipiti
33%
590 Erba Veleno Foongus
33%
945 Veleno Normale Grafaiai
33%
1015 Veleno Psico Munkidori
33%
804 Veleno Drago Naganadel
33%
793 Roccia Veleno Nihilego
33%
1014 Veleno Lotta Okidogi
33%
1025 Veleno Spettro Pecharunt
33%
803 Veleno Veleno Poipole
33%
757 Veleno Fuoco Salandit
33%
758 Veleno Fuoco Salazzle
33%
944 Veleno Normale Shroodle
33%
199 Veleno Psico Slowking (Forma di Galar)
33%
848 Elettro Veleno Toxel
33%
849 Elettro Veleno Toxtricity (Forma Basso)
33%
849 Elettro Veleno Toxtricity (Forma Melodia)
33%
849 Elettro Veleno Toxtricity Gigamax (Basso)
33%
849 Elettro Veleno Toxtricity Gigamax (Melodia)
33%
194 Veleno Terra Wooper (Forma di Paldea)
33%
969 Roccia Veleno Glimmet
17%
970 Roccia Veleno Glimmora
17%
747 Veleno Acqua Mareanie
17%
966 Acciaio Veleno Revavroom
17%
748 Veleno Acqua Toxapex
17%
965 Acciaio Veleno Varoom
17%
Nessun quiz corrispondente trovato
Distribuzione punteggi
Percentuale di utenti per punteggio
Percentile per numero di risposta
I tuoi punteggi nel tempo
Non hai fatto questo quiz